Подробности
| 000 -МАРКЕР |
| контрольное поле |
02886nam0a2200481 4500 |
| 001 - ИДЕНТИФИКАТОР ЗАПИСИ |
| контрольное поле |
RU\NLR\BIBL_A\022238273 |
| 005 - ИДЕНТИФИКАТОР ВЕРСИИ |
| контрольное поле |
20240703113201.0 |
| 010 ## - МЕЖДУНАРОДНЫЙ СТАНДАРТНЫЙ НОМЕР КНИГИ (ISBN) |
| Номер (ISBN) |
978-5-907653-12-2 |
| Тираж |
1000 |
| 021 ## - НОМЕР ГОСУДАРСТВЕННОЙ РЕГИСТРАЦИИ |
| Код страны |
Российская Федерация |
| Номер |
КН-П-24-020116 |
| Номер Листа государственной регистраци |
КН-П-24-2104 |
| 035 ## - ДРУГИЕ СИСТЕМНЫЕ НОМЕРА |
| Идентификатор записи |
(NLR Aleph) 022238273 |
| 100 ## - ДАННЫЕ ОБЩЕЙ ОБРАБОТКИ |
| Данные общей обработки |
20240530d2023 k y0rusy50 ca |
| 101 0# - ЯЗЫК РЕСУРСА |
| Язык текста, звукозаписи и т.д. |
русский |
| Язык резюме |
английский |
| 102 ## - СТРАНА ПУБЛИКАЦИИ ИЛИ ПРОИЗВОДСТВА |
| Страна публикации |
Российская Федерация |
| 105 ## - ПОЛЕ КОДИРОВАННЫХ ДАННЫХ: ТЕКСТОВЫЕ МАТЕРИАЛЫ, МОНОГРАФИЧЕСКИЕ |
| Кодированные данные о монографическом текстовом документе |
ach z 110yy |
| 181 #0 - ПОЛЕ КОДИРОВАННЫХ ДАННЫХ: ВИД СОДЕРЖАНИЯ |
| Код вида содержания (ISBD) |
i2 |
| Код характеристики содержания (ISBD) |
axxe |
| 181 #0 - ПОЛЕ КОДИРОВАННЫХ ДАННЫХ: ВИД СОДЕРЖАНИЯ |
| Код вида содержания (ISBD) |
b2 |
| Код характеристики содержания (ISBD) |
bb2e |
| 182 #0 - ПОЛЕ КОДИРОВАННЫХ ДАННЫХ: ТИП СРЕДСТВА |
| Код типа средства (ISBD) |
n - непосредственное |
| 200 1# - ЗАГЛАВИЕ И СВЕДЕНИЯ ОБ ОТВЕТСТВЕННОСТИ |
| Основное заглавие |
Египтомания. К 200-летию дешифровки египетских иероглифов Ж.-Ф. Шампольоном |
| Параллельное заглавие |
Egyptomania. For the 200th anniversary of the decipherment of Egyptian hieroglyphs by Jean-François Champollion |
| Сведения, относящиеся к заглавию |
каталог выставки |
| Первые сведения об ответственности |
Государственный Эрмитаж |
| Язык параллельного заглавия |
английский |
| 203 ## - ВИД СОДЕРЖАНИЯ И ТИП СРЕДСТВА |
| Вид содержания |
Текст |
| -- |
Изображение |
| Дополнительные сведения об издании |
визуальные |
| Тип средства |
непосредственные |
| 210 ## - ПУБЛИКАЦИЯ, РАСПРОСТРАНЕНИЕ И ДР. |
| Место издания, распространения и т.д. |
Санкт-Петербург |
| Имя издателя, распространителя и т. д. |
Изд-во Государственного Эрмитажа |
| Дата издания, распространения и т.д. |
2023 |
| 215 ## - ФИЗИЧЕСКАЯ ХАРАКТЕРИСТИКА |
| Специфическое обозначение материала и объем |
662 с. |
| Другие сведения о физической характеристике |
ил., цв. ил., портр., факс. |
| Размеры |
30 |
| 300 ## - ОБЩИЕ ПРИМЕЧАНИЯ |
| Текст примечания |
Загл. обл. и корешка: Египтомания |
| 320 ## - ПРИМЕЧАНИЯ О НАЛИЧИИ В ДОКУМЕНТЕ БИБЛИОГРАФИИ / УКАЗАТЕЛЯ |
| Текст примечания |
Библиогр.: с. 634-660 и в конце ст. |
| 510 1# - ПАРАЛЛЕЛЬНОЕ ЗАГЛАВИЕ |
| Параллельное заглавие |
Egyptomania. For the 200th anniversary of the decipherment of Egyptian hieroglyphs by Jean-François Champollion |
| Язык заглавия |
английский |
| 512 1# - ЗАГЛАВИЕ ОБЛОЖКИ |
| Заглавие обложки |
Египтомания |
| 601 02 - НАИМЕНОВАНИЕ ОРГАНИЗАЦИИ КАК ПРЕДМЕТ |
| Начальный элемент ввода |
Государственный Эрмитаж |
| Идентифицирующий признак |
Санкт-Петербург, город |
| Формальный подзаголовок |
Каталоги |
| Тематический подзаголовок |
Выставки |
| Хронологический подзаголовок |
2022 - 2023 |
| Системный номер авторитетной/нормативной записи |
2551024 |
| Идентификатор авторитетной/нормативной записи |
RU\NLR\AUTH\6601722669 |
| 606 1# - НАИМЕНОВАНИЕ ТЕМЫ КАК ПРЕДМЕТ |
| Наименование темы |
Изобразительное искусство |
| Формальный подзаголовок |
Каталоги |
| Тематический подзаголовок |
Выставки |
| Географический подзаголовок |
Санкт-Петербург, город |
| Хронологический подзаголовок |
2022 - 2023 |
| Системный номер авторитетной/нормативной записи |
2592697 |
| Идентификатор авторитетной/нормативной записи |
RU\NLR\AUTH\6601741784 |
| 606 1# - НАИМЕНОВАНИЕ ТЕМЫ КАК ПРЕДМЕТ |
| Наименование темы |
Египтология |
| Формальный подзаголовок |
Документы и материалы |
| Тематический подзаголовок |
История |
| Системный номер авторитетной/нормативной записи |
1179967 |
| Идентификатор авторитетной/нормативной записи |
RU\NLR\AUTH\66157027 |
| 607 ## - ГЕОГРАФИЧЕСКОЕ НАИМЕНОВАНИЕ КАК ПРЕДМЕТ |
| Географическое наименование |
Египет Древний |
| Формальный подзаголовок |
Каталоги |
| Тематический подзаголовок |
в искусстве |
| Системный номер авторитетной/нормативной записи |
2196590 |
| Идентификатор авторитетной/нормативной записи |
RU\NLR\AUTH\6601555456 |
| 686 1# - ИНДЕКСЫ ДРУГИХ КЛАССИФИКАЦИЙ |
| Индекс |
Т1(0)0-1(0)310 |
| 686 1# - ИНДЕКСЫ ДРУГИХ КЛАССИФИКАЦИЙ |
| Индекс |
Т3(0)310г |
| 686 1# - ИНДЕКСЫ ДРУГИХ КЛАССИФИКАЦИЙ |
| Индекс |
Щ03(0)-3 л62 |
| 686 1# - ИНДЕКСЫ ДРУГИХ КЛАССИФИКАЦИЙ |
| Индекс |
Щ103(0)л62 |
| 686 1# - ИНДЕКСЫ ДРУГИХ КЛАССИФИКАЦИЙ |
| Индекс |
Щ101.3(2Р)-2Санкт-Петербург2Эрмитаж л62 |
| 702 #1 - ИМЯ ЛИЦА - ВТОРИЧНАЯ ОТВЕТСТВЕННОСТЬ |
| Начальный элемент ввода |
Шампольон |
| Часть имени, кроме начального элемента ввода |
Ж. Ф. |
| Даты |
1790-1832 |
| Расширение инициалов личного имени |
Жан Франсуа |
| Код отношения |
Объект посвящения |
| 711 12 - НАИМЕНОВАНИЕ ОРГАНИЗАЦИИ - АЛЬТЕРНАТИВНАЯ ОТВЕТСТВЕННОСТЬ |
| Начальный элемент ввода |
"Египтомания. К 200-летию дешифровки египетских иероглифов Ж.-Ф. Шампольоном", выставка |
| Место проведения временной организации |
Санкт-Петербург |
| Дата проведения временной организации |
2022-2023 |
| Системный номер авторитетной/нормативной записи |
830394 |
| Идентификатор авторитетной/нормативной записи |
RU\NLR\AUTH\880582289 |
| 712 02 - НАИМЕНОВАНИЕ ОРГАНИЗАЦИИ - ВТОРИЧНАЯ ОТВЕТСТВЕННОСТЬ |
| Код отношения |
Организатор конференции |
| Начальный элемент ввода |
Государственный Эрмитаж |
| Идентифицирующий признак |
Санкт-Петербург |
| Системный номер авторитетной/нормативной записи |
277747 |
| Идентификатор авторитетной/нормативной записи |
RU\NLR\AUTH\883267 |
| 942 ## - ДОПОЛНИТЕЛЬНЫЕ ЭЛЕМЕНТЫ ЗАПИСИ (АБИС) |
| Тип экземпляра АБИС |
Книга |
| 980 ## - КОЛЛЕКЦИЯ |
| Название коллекции |
Национальная библиография |